| 000 | 01100nam a2200313Ia 4500 | ||
|---|---|---|---|
| 001 | dia_2317 | ||
| 003 | CHAP | ||
| 005 | 20251027153206.0 | ||
| 008 | 220117s1980 xx 000 0 und d | ||
| 010 | _a172839 | ||
| 020 | _a968-25-0707-6 | ||
| 040 | _cCHAP | ||
| 082 | _a658 H47 1980 | ||
| 100 |
_aHernández y Rodríguez, Sergio _954754 |
||
| 245 |
_aFundamentos de administración / _c Sergio Hernández y Rodríguez y Nicolás Ballesteros Inda |
||
| 260 |
_aMéxico : _b Interamericana, _c1980 |
||
| 300 | _axvi, 421 p. | ||
| 500 | _aCurso de universidad abierta. Texto apegado a los programas oficiales vigentes | ||
| 503 | _aI. 142727 (ej.1) \ I. 142725 (ej.2) \ I. 142730 (ej.3) \ I. 142728 (ej.4) \ I. 142724 (ej.6) \ I. 142731 (ej.7) | ||
| 504 | _aBibliografía: p. 399 | ||
| 590 | _aHD30 H47 1980 | ||
| 650 |
_aAdministración _9918 |
||
| 650 |
_aManagement _9149975 |
||
| 700 |
_aBallesteros Inda, Nicolás, coaut. _9152570 |
||
| 901 | _a658 H47 1980 | ||
| 902 | _aM | ||
| 905 | _a5231271980 mx in 8222223322spa16 | ||
| 942 |
_cLIBRO _2ddc |
||
| 999 |
_c172839 _d172839 |
||